Đấu tranh phòng chống tội kinh doanh trái phép ở Việt Nam
保存先:
| 第一著者: | |
|---|---|
| フォーマット: | 図書 |
| 言語: | Undetermined |
| 出版事項: |
Hà Nội
Tư pháp
2005
|
| 主題: | |
| タグ: |
タグ追加
タグなし, このレコードへの初めてのタグを付けませんか!
|
| Thư viện lưu trữ: | Trung tâm Học liệu Trường Đại học Cần Thơ |
|---|
| LEADER | 00607nam a2200205Ia 4500 | ||
|---|---|---|---|
| 001 | CTU_104911 | ||
| 008 | 210402s9999 xx 000 0 und d | ||
| 020 | |c 25500 | ||
| 082 | |a 346.59707 | ||
| 082 | |b Đ110 | ||
| 100 | |a Trần, Mạnh Đạt | ||
| 245 | 0 | |a Đấu tranh phòng chống tội kinh doanh trái phép ở Việt Nam | |
| 245 | 0 | |c Trần Mạnh Đạt | |
| 260 | |a Hà Nội | ||
| 260 | |b Tư pháp | ||
| 260 | |c 2005 | ||
| 650 | |a Business enterprises | ||
| 650 | |x law and legislation | ||
| 904 | |i Minh | ||
| 980 | |a Trung tâm Học liệu Trường Đại học Cần Thơ | ||